[Event "World Rapid 2015"]
[Site "Berlin GER"]
[Date "2015.10.10"]
[Round "1.19"]
[White "Zhang, Zhong"]
[Black "Inarkiev, Ernesto"]
[Result "1/2-1/2"]
[WhiteElo "2619"]
[BlackElo "2660"]
[PlyCount "100"]
[EventDate "2015.10.10"]
[EventType "rapid"]

1. e4 e5 2. Nf3 Nc6 3. d4 exd4 4. Nxd4 Bc5 5. Nxc6 Qf6 6. Qf3 bxc6 7. Nc3 d6 8.
Qg3 Qg6 9. Bd3 Nf6 10. Na4 Bd4 11. c3 Bb6 12. O-O Qxg3 13. hxg3 Ng4 14. b4 Be6
15. Nxb6 axb6 16. a4 Ne5 17. Bc2 f6 18. f3 h5 19. Kf2 Ke7 20. Be3 Nc4 21. Bd3
Ra6 22. Rh1 Rha8 23. Bc2 Bf7 24. Rhb1 Ne5 25. Bd4 Bc4 26. Bxe5 dxe5 27. Ra3 Rd8
28. Rd1 Rxd1 29. Bxd1 Kd6 30. Be2 Bxe2 31. Kxe2 c5 32. Kd3 c6 33. Ra1 Ra8 34.
Kc2 cxb4 35. cxb4 Kc7 36. a5 Rd8 37. Kc3 Kb7 38. Rh1 g6 39. axb6 Kxb6 40. Ra1
Kb7 41. Kc2 Ra8 42. Rxa8 Kxa8 43. Kb3 Kb7 44. Kc4 Kb6 45. f4 g5 46. f5 g4 47.
Kc3 Kb5 48. Kb3 c5 49. bxc5 Kxc5 50. Kc3 Kb5 1/2-1/2

[Event "World Rapid 2015"]
[Site "Berlin GER"]
[Date "2015.10.10"]
[Round "1.25"]
[White "Stern, Rene"]
[Black "Ragger, Markus"]
[Result "1/2-1/2"]
[WhiteElo "2538"]
[BlackElo "2698"]
[PlyCount "95"]
[EventDate "2015.10.10"]
[EventType "rapid"]

1. d4 d5 2. c4 c6 3. cxd5 cxd5 4. Bf4 Nf6 5. Nc3 e6 6. e3 Be7 7. Bd3 O-O 8. h3
Nc6 9. Nf3 Bd7 10. O-O Nh5 11. Bh2 f5 12. Rc1 Nf6 13. Ne5 Rc8 14. Qe2 Be8 15.
a3 a6 16. Rc2 Nd7 17. Nxc6 Rxc6 18. Rfc1 Nb6 19. Nb1 Bd6 20. Bxd6 Qxd6 21. Nd2
Rxc2 22. Rxc2 h6 23. Qe1 Ba4 24. Rc3 Bb5 25. Qe2 Qd7 26. Nf3 Bxd3 27. Qxd3 Nc4
28. Qc2 b5 29. b3 Nxa3 30. Qc1 b4 31. Rc6 Nb5 32. Ne5 Qe8 33. Qc5 f4 34. exf4
Nc3 35. g3 Qh5 36. Rc8 Rxc8 37. Qxc8+ Kh7 38. Qxe6 a5 39. Kg2 Qe2 40. Qg6+ Kg8
41. Qe8+ Kh7 42. Qg6+ Kg8 43. Qf7+ Kh7 44. Nd7 Ne4 45. Qf5+ Kh8 46. Qf8+ Kh7
47. Qf5+ Kh8 48. Qf8+ 1/2-1/2

[Event "World Rapid 2015"]
[Site "Berlin GER"]
[Date "2015.10.10"]
[Round "1.27"]
[White "Dlugy, Maxim"]
[Black "Dreev, Aleksey"]
[Result "1-0"]
[WhiteElo "2518"]
[BlackElo "2644"]
[PlyCount "70"]
[EventDate "2015.10.10"]
[EventType "rapid"]

1. d4 d5 2. Bf4 Nf6 3. e3 g6 4. Nf3 Bg7 5. h3 O-O 6. Nbd2 c5 7. c3 Qb6 8. Qb3
c4 9. Qa3 Nc6 10. b3 cxb3 11. axb3 Bf5 12. Be2 a5 13. O-O Rfc8 14. Rfc1 Bf8 15.
Qa4 Bd7 16. Bb5 e5 17. Bg5 Bg7 18. Bxf6 Bxf6 19. dxe5 Bg7 20. e4 Be6 21. exd5
Bxd5 22. Re1 Qc5 23. Bc4 Bxc4 24. Nxc4 b5 25. Qa3 Qxa3 26. Nxa3 b4 27. cxb4
Nxb4 28. Nc4 Rxc4 29. bxc4 Nc2 30. c5 a4 31. c6 a3 32. c7 Bf8 33. Red1 Rc8 34.
Rac1 Rxc7 35. Ne1 Ra7 1-0

[Event "World Rapid 2015"]
[Site "Berlin GER"]
[Date "2015.10.10"]
[Round "1.28"]
[White "Guseinov, Gadir"]
[Black "Vidit, Santosh Gujrathi"]
[Result "0-1"]
[WhiteElo "2634"]
[BlackElo "2651"]
[PlyCount "86"]
[EventDate "2015.10.10"]
[EventType "rapid"]

1. e4 e6 2. d4 d5 3. Nd2 c5 4. Ngf3 cxd4 5. exd5 Qxd5 6. Bc4 Qd6 7. O-O Nf6 8.
Re1 Nc6 9. Ne4 Qd8 10. Bg5 Be7 11. Qd2 O-O 12. Rad1 e5 13. h3 Nxe4 14. Rxe4
Bxg5 15. Nxg5 Bf5 16. Ree1 h6 17. Nf3 Qf6 18. Bd5 Rfe8 19. c3 d3 20. Be4 Rad8
21. Qe3 Bxe4 22. Qxe4 Qe6 23. Nh4 Qxa2 24. Re3 d2 25. Rg3 Ne7 26. Qe3 Qa4 27.
Rxd2 Qxh4 28. Rxd8 Rxd8 29. Qxe5 Ng6 30. Qa5 a6 31. Qb6 Qe7 32. Re3 Rd1+ 33.
Kh2 Qd6+ 34. Qxd6 Rxd6 35. Re8+ Nf8 36. f4 g6 37. Rb8 Rd7 38. b4 Kg7 39. g4 Ne6
40. f5 gxf5 41. gxf5 Nf4 42. c4 Kf6 43. Rh8 h5 0-1

[Event "World Rapid 2015"]
[Site "Berlin GER"]
[Date "2015.10.10"]
[Round "1.29"]
[White "Handke, Florian"]
[Black "Matlakov, Maxim"]
[Result "1/2-1/2"]
[WhiteElo "2531"]
[BlackElo "2689"]
[PlyCount "114"]
[EventDate "2015.10.10"]
[EventType "rapid"]

1. d4 Nf6 2. Nf3 d5 3. c4 e6 4. g3 Bb4+ 5. Bd2 Bd6 6. Bg2 O-O 7. O-O Nbd7 8.
Qc1 c6 9. Bf4 Bxf4 10. Qxf4 dxc4 11. Qc1 b5 12. Nbd2 Bb7 13. b3 cxb3 14. Nxb3
a5 15. Rd1 Qc7 16. Nc5 Nxc5 17. Qxc5 Nd7 18. Qc2 h6 19. Rac1 Rfc8 20. Qb2 Rab8
21. Qa3 b4 22. Qe3 c5 23. dxc5 Bd5 24. c6 Nf6 25. Rd2 a4 26. Ne5 b3 27. axb3
Rxb3 28. Qd4 a3 29. Bxd5 Nxd5 30. Qa4 Rb2 31. Nf3 Qd6 32. Qa6 Rc7 33. e4 Rxd2
34. Nxd2 Nb4 35. Qa8+ Kh7 36. Nc4 Qxc6 37. Qxa3 Qc5 38. Kg2 f5 39. exf5 Qd5+
40. Qf3 Rxc4 41. Rxc4 Qxc4 42. f6 gxf6 43. Qxf6 Qd5+ 44. f3 Qd7 45. Qf4 Nd5 46.
Qe4+ Kg7 47. Qg4+ Kf8 48. Qg6 Ne3+ 49. Kh3 e5+ 50. g4 Qg7 51. Qd6+ Kg8 52. Qb8+
Kh7 53. Qb1+ Kh8 54. Qb8+ Kh7 55. Qb1+ Kh8 56. Qb8+ Kh7 57. Qb1+ Kh8 1/2-1/2

[Event "World Rapid 2015"]
[Site "Berlin GER"]
[Date "2015.10.10"]
[Round "1.30"]
[White "Almasi, Zoltan"]
[Black "Hjartarson, Johann"]
[Result "1-0"]
[WhiteElo "2689"]
[BlackElo "2529"]
[PlyCount "59"]
[EventDate "2015.10.10"]
[EventType "rapid"]

1. e4 e5 2. Nf3 Nc6 3. Bb5 a6 4. Ba4 Nf6 5. O-O Be7 6. d3 b5 7. Bb3 d6 8. a4 b4
9. Nbd2 O-O 10. Nc4 h6 11. h3 Be6 12. Re1 Re8 13. Be3 Bf8 14. d4 exd4 15. Nxd4
Nxd4 16. Bxd4 g6 17. Qf3 Bg7 18. Rad1 Nh7 19. Bxg7 Kxg7 20. e5 d5 21. Na5 c5
22. Nb7 Qb6 23. Bxd5 Rab8 24. Nd6 Rf8 25. Bxe6 fxe6 26. Qg4 c4 27. Re3 c3 28.
b3 h5 29. Qxe6 Qa7 30. Nf5+ 1-0

[Event "World Rapid 2015"]
[Site "Berlin GER"]
[Date "2015.10.10"]
[Round "1.31"]
[White "Piorun, Kacper"]
[Black "Iturrizaga Bonelli, Eduardo"]
[Result "1-0"]
[WhiteElo "2609"]
[BlackElo "2641"]
[PlyCount "151"]
[EventDate "2015.10.10"]
[EventType "rapid"]

1. e4 c5 2. Nf3 g6 3. d4 cxd4 4. Nxd4 Nc6 5. c4 Bg7 6. Be3 Nf6 7. Nc3 O-O 8.
Be2 d6 9. O-O Bd7 10. Qd2 Nxd4 11. Bxd4 Bc6 12. f3 a5 13. Kh1 Nd7 14. Bxg7 Kxg7
15. f4 Qb6 16. Rae1 Qc5 17. Rf3 e5 18. f5 f6 19. Rh3 Rh8 20. Rd3 Rad8 21. Rf1
Nb6 22. b3 g5 23. Rc1 Qb4 24. c5 Nc8 25. Rg3 h6 26. Bc4 dxc5 27. Qe2 Nd6 28.
Nd5 Bxd5 29. Bxd5 Nxf5 30. exf5 Rxd5 31. Qh5 Kf8 32. Qg6 Qb6 33. h4 Qd6 34. Rh3
g4 35. Qxg4 Rg8 36. Qh5 Rd2 37. Qxh6+ Ke8 38. Qh5+ Kd8 39. Rg1 Qd5 40. Rh2 e4
41. Qh6 Qd4 42. Qh7 Qd5 43. Qh6 Qd6 44. h5 Rd1 45. Qe3 Rxg1+ 46. Qxg1 Qe5 47.
h6 e3 48. Rh3 e2 49. Qe1 Qe4 50. Rf3 Rg5 51. h7 Rh5+ 52. Kg1 Rxh7 53. Kf2 Qh4+
54. g3 Qh2+ 55. Ke3 Re7+ 56. Kd3 Rd7+ 57. Kc2 Rd1 58. Rd3+ Rxd3 59. Kxd3 Qg2
60. Qxa5+ Ke8 61. Qb5+ Kf7 62. Qd7+ Kf8 63. Qd6+ Kg7 64. Qe7+ Kg8 65. Qe8+ Kg7
66. Qg6+ Kf8 67. Qxf6+ Kg8 68. Qe6+ Kh7 69. Qxe2 Qxg3+ 70. Kc2 Qg5 71. Qf3 b5
72. Qb7+ Kg8 73. Qc8+ Kf7 74. Qe6+ Kf8 75. Qd6+ Kf7 76. Qg6+ 1-0

[Event "World Rapid 2015"]
[Site "Berlin GER"]
[Date "2015.10.10"]
[Round "1.32"]
[White "Alekseev, Evgeny"]
[Black "Kravtsiv, Martyn"]
[Result "1/2-1/2"]
[WhiteElo "2642"]
[BlackElo "2621"]
[PlyCount "198"]
[EventDate "2015.10.10"]
[EventType "rapid"]

1. e4 e5 2. Nf3 Nc6 3. Bb5 a6 4. Ba4 Nf6 5. d3 b5 6. Bb3 Be7 7. Nc3 Bb7 8. O-O
O-O 9. a3 d6 10. Nd5 Qd7 11. Nxe7+ Nxe7 12. Bg5 Ne8 13. Nh4 Kh8 14. f4 f6 15.
fxe5 dxe5 16. Be3 Nd6 17. Qh5 Qe8 18. Qe2 Rc8 19. Be6 Rd8 20. Ba2 Bc8 21. Rf2
Ng6 22. Nxg6+ Qxg6 23. Raf1 Qe8 24. h3 Be6 25. Bb1 Rd7 26. Kh2 Rdf7 27. Bc5 Qd7
28. Qe3 Rc8 29. c3 Nb7 30. b4 Nxc5 31. bxc5 c6 32. d4 Bc4 33. Rd1 Qc7 34. Kg1
h6 35. d5 Qa5 36. Ba2 Qa4 37. Rdd2 Bxa2 38. Rxa2 cxd5 39. exd5 Qd1+ 40. Kh2
Qxd5 41. Rad2 Qc4 42. Rd6 Kh7 43. Rxa6 Rxc5 44. Rf3 Rd5 45. Rb6 f5 46. Rf2 Qc5
47. Qxc5 Rxc5 48. Re6 f4 49. Re2 Rf5 50. Re4 f3 51. gxf3 Rxc3 52. R6xe5 Rfxf3
53. h4 Rf2+ 54. Kg1 Rb2 55. Re3 Rcc2 56. h5 Ra2 57. Kf1 Rf2+ 58. Kg1 Rfb2 59.
Kf1 Rb1+ 60. Re1 Rb3 61. Rd1 Raxa3 62. Rd2 Ra4 63. Kf2 Rh4 64. Kg2 b4 65. Rb5
Rg4+ 66. Kh2 Rg5 67. Rxg5 hxg5 68. Rd6 g4 69. Rb6 Rh3+ 70. Kg2 b3 71. Rb4 Rc3
72. Rxg4 b2 73. Rb4 Rc2+ 74. Kg3 Kh6 75. Rb5 Kh7 76. Rb6 Kg8 77. Rb7 Kf8 78.
Kg4 Ke8 79. Kg5 Rg2+ 80. Kf5 Kd8 81. Ke6 Kc8 82. Rb3 Kc7 83. Kf7 Kd6 84. Rb5
Kc6 85. Rb3 Kd5 86. Rb4 Ke5 87. Rb5+ Kf4 88. Rb4+ Ke5 89. Rb5+ Kd4 90. Rxb2
Rxb2 91. Kxg7 Rb7+ 92. Kg6 Rb6+ 93. Kg7 Rb7+ 94. Kg6 Ke5 95. h6 Rb6+ 96. Kg7
Kf5 97. h7 Rb7+ 98. Kh6 Rb6+ 99. Kg7 Rb7+ 1/2-1/2

[Event "World Rapid 2015"]
[Site "Berlin GER"]
[Date "2015.10.10"]
[Round "1.33"]
[White "Mikhalevski, Victor"]
[Black "Savchenko, Boris"]
[Result "1-0"]
[WhiteElo "2536"]
[BlackElo "2567"]
[PlyCount "77"]
[EventDate "2015.10.10"]
[EventType "rapid"]

1. Nf3 Nf6 2. g3 d5 3. Bg2 Bf5 4. O-O e6 5. d3 Be7 6. c4 Na6 7. a3 O-O 8. cxd5
exd5 9. b4 c6 10. Nbd2 Nc7 11. Nb3 Nfe8 12. Bb2 Nd6 13. Re1 Re8 14. Qc2 h6 15.
e4 Bh7 16. Ne5 Bf8 17. f4 Qc8 18. f5 Qd8 19. Nc5 a5 20. Ned7 Be7 21. f6 gxf6
22. Rf1 dxe4 23. Nxf6+ Bxf6 24. Bxf6 Qc8 25. Bb2 Nd5 26. Nxe4 Nxe4 27. Bxe4 Qc7
28. Kh1 Qd7 29. Rae1 axb4 30. axb4 Re6 31. Qf2 Nxb4 32. Bxh7+ Kxh7 33. Qxf7+
Qxf7 34. Rxf7+ Kg8 35. Rg7+ Kf8 36. Rf1+ Ke8 37. Rg8+ Kd7 38. Rxa8 Nxd3 39.
Rf7+ 1-0

[Event "World Rapid 2015"]
[Site "Berlin GER"]
[Date "2015.10.10"]
[Round "1.34"]
[White "Kryvoruchko, Yuriy"]
[Black "Papin, Vasily"]
[Result "1-0"]
[WhiteElo "2710"]
[BlackElo "2502"]
[PlyCount "87"]
[EventDate "2015.10.10"]
[EventType "rapid"]

1. e4 c5 2. Nf3 e6 3. d4 cxd4 4. Nxd4 a6 5. c4 Nf6 6. Nc3 Qc7 7. a3 Nxe4 8.
Nxe4 Qe5 9. Bd3 Qxd4 10. Qe2 Nc6 11. Be3 Qe5 12. O-O Be7 13. f4 Qc7 14. c5 f5
15. Nd2 d5 16. cxd6 Bxd6 17. Nc4 Be7 18. Nb6 Rb8 19. Rac1 O-O 20. Bc4 Kh8 21.
Qf2 Rd8 22. Rfd1 Bf6 23. Ba2 Bd7 24. b4 Be8 25. Bxe6 Bg6 26. Nd7 Re8 27. Bb6
Qc8 28. Nxb8 Rxe6 29. Nxc6 Rxc6 30. Rxc6 Qxc6 31. Qc5 Qe8 32. Qe3 Qa4 33. Rc1
h6 34. Bd4 Bxd4 35. Qxd4 Qxa3 36. Rc7 Bf7 37. h3 Qa2 38. Rxb7 Kh7 39. Kh2 Qe6
40. Qd7 Qe4 41. Qc7 h5 42. Ra7 h4 43. Qe5 Qd3 44. Rxf7 1-0

[Event "World Rapid 2015"]
[Site "Berlin GER"]
[Date "2015.10.10"]
[Round "1.35"]
[White "Ehlvest, Jaan"]
[Black "Onischuk, Vladimir"]
[Result "0-1"]
[WhiteElo "2535"]
[BlackElo "2612"]
[PlyCount "98"]
[EventDate "2015.10.10"]
[EventType "rapid"]

1. Nf3 g6 2. d4 Bg7 3. e4 d6 4. Nc3 Nf6 5. h3 O-O 6. Be3 d5 7. exd5 Nxd5 8.
Nxd5 Qxd5 9. Be2 Qa5+ 10. c3 Rd8 11. O-O c5 12. Qb3 cxd4 13. Nxd4 Nc6 14. Nxc6
bxc6 15. Bc4 e6 16. Rfd1 Ba6 17. Bxa6 Qxa6 18. Rxd8+ Rxd8 19. Rd1 Rxd1+ 20.
Qxd1 Bf6 21. Bc5 h5 22. Qd7 Kg7 23. g3 h4 24. g4 Qe2 25. Qxc6 Qxb2 26. Qd6 Qb1+
27. Kh2 Qb7 28. c4 Kh7 29. Qf4 Bg7 30. Bd6 a5 31. a4 Kg8 32. Kg1 Qb1+ 33. Kg2
Qa2 34. c5 Qc2 35. Be7 e5 36. Qf3 e4 37. Qe3 Qxa4 38. Bxh4 Qc6 39. Be7 a4 40.
Kg1 Qd5 41. Qc1 Qc6 42. Bd6 Bd4 43. g5 Qd5 44. h4 Qe6 45. c6 Qxd6 46. c7 Qg3+
47. Kh1 Qxh4+ 48. Kg2 Qxf2+ 49. Kh1 Qf3+ 0-1

[Event "World Rapid 2015"]
[Site "Berlin GER"]
[Date "2015.10.10"]
[Round "1.36"]
[White "Kovalenko, Igor"]
[Black "Shabalov, Alexander"]
[Result "1-0"]
[WhiteElo "2700"]
[BlackElo "2522"]
[PlyCount "145"]
[EventDate "2015.10.10"]
[EventType "rapid"]

1. Nf3 Nf6 2. c4 b6 3. d4 Bb7 4. e3 g6 5. Be2 Bg7 6. O-O O-O 7. Nc3 e6 8. b3 d5
9. Ba3 Re8 10. Rc1 a6 11. Ne5 Nbd7 12. Nxd7 Qxd7 13. Bf3 Rad8 14. Qc2 h5 15.
Ne2 Rc8 16. Nf4 Ne4 17. Rfd1 Ng5 18. Be2 Red8 19. Bb2 Qe8 20. c5 bxc5 21. Qxc5
h4 22. Nd3 h3 23. g3 Ne4 24. Qc2 a5 25. f3 Nd6 26. Bf1 Nf5 27. Qf2 a4 28. Nc5
Bc6 29. Bxh3 axb3 30. axb3 Bb5 31. g4 Nd6 32. Bg2 c6 33. Qg3 Qe7 34. Bc3 Ra8
35. Bb4 e5 36. Bc3 e4 37. f4 Ra2 38. Ra1 Rda8 39. Rdc1 Bd3 40. Na4 Rxa1 41.
Bxa1 Nb7 42. Qe1 Qa3 43. Qc3 Bf8 44. Bb2 Qb4 45. Qxb4 Bxb4 46. Rxc6 Na5 47. Nb6
Rb8 48. Rc8+ Rxc8 49. Nxc8 Nxb3 50. Nb6 Bd2 51. Kf2 Na5 52. Nxd5 Nc4 53. Bc3
Bc1 54. Bxe4 Nxe3 55. Nf6+ Kg7 56. Bxd3 Nd1+ 57. Kf3 Nxc3 58. g5 Kf8 59. Bc4
Ke7 60. Ng8+ Kf8 61. Nh6 Nb1 62. Bxf7 Kg7 63. Be6 Nd2+ 64. Kg4 Nf1 65. h4 Nh2+
66. Kg3 Nf1+ 67. Kg2 Nd2 68. f5 Ne4 69. Ng4 gxf5 70. Bxf5 Nc3 71. Kf3 Nb5 72.
d5 Bd2 73. Bd3 1-0

[Event "World Rapid 2015"]
[Site "Berlin GER"]
[Date "2015.10.10"]
[Round "1.37"]
[White "Al-Sayed, Mohammed"]
[Black "Meier, Georg"]
[Result "0-1"]
[WhiteElo "2520"]
[BlackElo "2654"]
[PlyCount "78"]
[EventDate "2015.10.10"]
[EventType "rapid"]

1. d4 Nf6 2. c4 e6 3. Nf3 d5 4. Nc3 Be7 5. Bf4 O-O 6. e3 c5 7. dxc5 Bxc5 8.
cxd5 Nxd5 9. Nxd5 exd5 10. a3 Nc6 11. Bd3 Bb6 12. h3 d4 13. e4 Be6 14. O-O Bc7
15. Qd2 f6 16. Rac1 Ne5 17. Bxe5 Bxe5 18. Bc4 Re8 19. Rfd1 Rc8 20. Qd3 Kf8 21.
Bxe6 Rxc1 22. Rxc1 Rxe6 23. Qb5 Re7 24. Rc5 Bd6 25. Rd5 Qc7 26. Rxd4 a6 27. Qb3
g6 28. Rc4 Qd7 29. Qc3 Kg7 30. Rd4 Qe6 31. Qd3 Bb8 32. Qc4 Rc7 33. Qf1 Ba7 34.
Rb4 Bc5 35. Ra4 b5 36. Ra5 Qb6 37. b4 Bxf2+ 38. Kh2 Qe3 39. Qd1 Qf4+ 0-1

[Event "World Rapid 2015"]
[Site "Berlin GER"]
[Date "2015.10.10"]
[Round "1.38"]
[White "Akopian, Vladimir"]
[Black "Munoz Pantoja, Miguel"]
[Result "1/2-1/2"]
[WhiteElo "2648"]
[BlackElo "2441"]
[PlyCount "78"]
[EventDate "2015.10.10"]
[EventType "rapid"]

1. Nf3 c5 2. c4 Nc6 3. Nc3 g6 4. e3 Bg7 5. d4 Nf6 6. d5 Na5 7. e4 d6 8. h3 O-O
9. Bd3 e5 10. a3 b6 11. b4 Nb7 12. O-O Ne8 13. Ra2 f5 14. Ng5 f4 15. Ne6 Bxe6
16. dxe6 Nc7 17. Be2 h5 18. bxc5 Nxc5 19. Rd2 N7xe6 20. Rxd6 Qe7 21. Bf3 Rad8
22. Rxd8 Rxd8 23. Nd5 Qh4 24. Bb2 Kh7 25. Kh2 Ng5 26. Qe2 Nce6 27. Rh1 Rc8 28.
Kg1 Nd4 29. Bxd4 exd4 30. Kh2 d3 31. Qxd3 Qxf2 32. Rf1 Qg3+ 33. Kh1 Nxh3 34.
gxh3 Qxh3+ 35. Kg1 Qg3+ 36. Kh1 Qh4+ 37. Kg2 Qg3+ 38. Kh1 Qh3+ 39. Kg1 Qg3+
1/2-1/2

[Event "World Rapid 2015"]
[Site "Berlin GER"]
[Date "2015.10.10"]
[Round "1.39"]
[White "Richter, Michael"]
[Black "Vallejo Pons, Francisco"]
[Result "0-1"]
[WhiteElo "2517"]
[BlackElo "2684"]
[PlyCount "122"]
[EventDate "2015.10.10"]
[EventType "rapid"]

1. d4 f5 2. g3 Nf6 3. Bg2 g6 4. Nf3 Bg7 5. O-O O-O 6. Nbd2 e6 7. Re1 d5 8. c4
Nc6 9. e3 Ne4 10. a3 a5 11. b3 g5 12. Bb2 g4 13. Ne5 Nxe5 14. dxe5 Nxd2 15.
Qxd2 c6 16. b4 dxc4 17. Qc3 axb4 18. axb4 Rxa1 19. Rxa1 b5 20. Qd4 Qxd4 21.
Bxd4 Bd7 22. Ra7 Rf7 23. Rc7 Bf8 24. Bc3 Be8 25. Rc8 Bd7 26. Rc7 Be8 27. Rc8
Re7 28. Kf1 Kf7 29. Bxc6 Bxc6 30. Rxc6 Rd7 31. Ke2 Rd3 32. Bd2 Rb3 33. Rc7+ Ke8
34. Rb7 c3 35. Bc1 Rb1 36. Kd1 Ra1 37. Rxb5 Ra2 38. Rb8+ Kf7 39. Rb7+ Kg6 40.
b5 Rxf2 41. Rc7 Bb4 42. b6 Ba5 43. Rc6 c2+ 44. Rxc2 Rxc2 45. Kxc2 Bxb6 46. Kd3
h5 47. Bd2 Bc7 48. Bc3 h4 49. Ke2 Bd8 50. Kd3 Kf7 51. Be1 Bc7 52. Bc3 h3 53.
Kc4 Ke7 54. Kd4 Bb6+ 55. Kd3 Kd7 56. Bd2 Kc6 57. Kc4 Bc5 58. Bc1 Bb6 59. Bd2
Bc5 60. Bc1 f4 61. exf4 Bg1 0-1

[Event "World Rapid 2015"]
[Site "Berlin GER"]
[Date "2015.10.10"]
[Round "1.40"]
[White "Bruzon Batista, Lazaro"]
[Black "Stefansson, Hannes"]
[Result "1-0"]
[WhiteElo "2659"]
[BlackElo "2602"]
[PlyCount "87"]
[EventDate "2015.10.10"]
[EventType "rapid"]

1. d4 d5 2. Nf3 Nf6 3. c4 c6 4. Nbd2 g6 5. g3 Bg7 6. Bg2 O-O 7. O-O Bf5 8. b3
Ne4 9. Bb2 Qa5 10. Qc1 Nd7 11. Rd1 Ndf6 12. h3 Rfd8 13. e3 Rac8 14. a3 Nxd2 15.
Nxd2 b5 16. c5 h5 17. b4 Qa4 18. Bc3 Bc2 19. Re1 Bd3 20. Ra2 Ne4 21. Nxe4 dxe4
22. Rd2 Qb3 23. f3 Qe6 24. Kh2 exf3 25. Bxf3 Be4 26. Bxe4 Qxe4 27. Qb1 Qd5 28.
e4 Qc4 29. Qd3 Qxd3 30. Rxd3 Rc7 31. a4 bxa4 32. Ra1 Rcd7 33. d5 Bxc3 34. Rxc3
cxd5 35. c6 Rc7 36. b5 dxe4 37. Rxa4 Rd2+ 38. Kg1 Rb2 39. Rd4 e3 40. Kf1 Rd2
41. Rxd2 exd2 42. Ke2 Kf8 43. Ra3 Ke8 44. b6 1-0

[Event "World Rapid 2015"]
[Site "Berlin GER"]
[Date "2015.10.10"]
[Round "1.41"]
[White "Bezold, Michael"]
[Black "Fedoseev, Vladimir3"]
[Result "1/2-1/2"]
[WhiteElo "2509"]
[BlackElo "2659"]
[PlyCount "163"]
[EventDate "2015.10.10"]
[EventType "rapid"]

1. c4 e5 2. g3 Nf6 3. Bg2 c6 4. d4 exd4 5. Qxd4 Na6 6. Nc3 Bc5 7. Qe5+ Be7 8.
Nh3 O-O 9. O-O Re8 10. Qd4 Bc5 11. Qd2 d5 12. cxd5 cxd5 13. e3 Ne4 14. Qd1 Nxc3
15. bxc3 Bxh3 16. Bxh3 Qd6 17. Bg2 Rad8 18. Qb3 Nc7 19. Rd1 h5 20. h4 b5 21. a4
bxa4 22. Rxa4 Qg6 23. Qa2 Rb8 24. Bd2 Re6 25. Ra5 Bb6 26. Ra4 Bc5 27. Ra5 Bb6
28. Ra4 Rd8 29. Be1 Red6 30. Qe2 Ne6 31. Bf3 Qf6 32. Bxh5 g6 33. Bf3 Qe5 34.
Rg4 Kh7 35. Qc2 f5 36. Rb4 Nc5 37. c4 d4 38. exd4 Rxd4 39. Rbb1 Rd3 40. Bd5 Ra3
41. Kg2 Ne4 42. Rd3 Rxd3 43. Qxd3 Qc7 44. Qf3 Nf6 45. Rd1 Re8 46. Bc3 Ng4 47.
Bd4 Bxd4 48. Rxd4 Qg7 49. Rf4 Nf6 50. Qa3 Re2 51. Bf3 Rd2 52. c5 Qe7 53. h5 g5
54. Rxf5 g4 55. Ba8 Rd8 56. Qb2 Ng8 57. Re5 Qf6 58. Be4+ Kh8 59. Qb7 Qh6 60.
Qxa7 Nf6 61. Qb6 Rf8 62. Bg6 Nd7 63. Qd6 Nxe5 64. Qxe5+ Qg7 65. Qxg7+ Kxg7 66.
c6 Rc8 67. Bf5 Rxc6 68. Bxg4 Kh6 69. f4 Rc5 70. Kh3 Ra5 71. Bf3 Ra3 72. Kg2
Ra2+ 73. Kf1 Kg7 74. Be2 Kf6 75. Kf2 Kf5 76. Ke3 Ra3+ 77. Bd3+ Kg4 78. h6 Kxg3
79. h7 Ra8 80. Bc4 Re8+ 81. Kd4 Rh8 82. Ke5 1/2-1/2

[Event "World Rapid 2015"]
[Site "Berlin GER"]
[Date "2015.10.10"]
[Round "1.42"]
[White "Navara, David"]
[Black "Tari, Aryan"]
[Result "1-0"]
[WhiteElo "2734"]
[BlackElo "2521"]
[PlyCount "79"]
[EventDate "2015.10.10"]
[EventType "rapid"]

1. e4 c6 2. d4 d5 3. Nd2 dxe4 4. Nxe4 Bf5 5. Ng3 Bg6 6. h4 h6 7. Nf3 Nd7 8. h5
Bh7 9. Bd3 Bxd3 10. Qxd3 e6 11. Bd2 Ngf6 12. O-O-O Be7 13. Ne4 Nxe4 14. Qxe4
Nf6 15. Qd3 O-O 16. Kb1 Qd5 17. c4 Qe4 18. Be3 Rfd8 19. Ne5 c5 20. f3 Qxd3+ 21.
Rxd3 Nd7 22. Rhd1 cxd4 23. Bxd4 Nxe5 24. Bxe5 Rxd3 25. Rxd3 Rd8 26. Kc2 Kf8 27.
Rxd8+ Bxd8 28. b4 f6 29. Bd6+ Ke8 30. g4 f5 31. gxf5 exf5 32. c5 Bf6 33. Kd3
Kd7 34. Kc4 Ke6 35. b5 Bd8 36. a4 a6 37. Bg3 axb5+ 38. axb5 Bf6 39. c6 b6 40.
Bc7 1-0

[Event "World Rapid 2015"]
[Site "Berlin GER"]
[Date "2015.10.10"]
[Round "1.43"]
[White "Svane, Rasmus"]
[Black "Vitiugov, Nikita"]
[Result "0-1"]
[WhiteElo "2543"]
[BlackElo "2725"]
[PlyCount "60"]
[EventDate "2015.10.10"]
[EventType "rapid"]

1. Nf3 d5 2. d4 Nf6 3. c4 e6 4. Nc3 Bb4 5. Qa4+ Nc6 6. e3 O-O 7. Bd2 dxc4 8.
Bxc4 Bd6 9. Rd1 e5 10. d5 Ne7 11. e4 Ng6 12. O-O a6 13. Be2 Bg4 14. Be3 Nh5 15.
Nd2 Bd7 16. Qb3 Nhf4 17. Bf3 b5 18. Rfe1 Qf6 19. Ne2 Nh4 20. Bxf4 exf4 21. Nc1
Be5 22. Nd3 Rfe8 23. Nxe5 Rxe5 24. Qc3 Rc8 25. Rc1 h5 26. Qd4 Bh3 27. d6 Qg5
28. Kf1 Nxf3 29. Nxf3 Bxg2+ 30. Ke2 Bxf3+ 0-1

[Event "World Rapid 2015"]
[Site "Berlin GER"]
[Date "2015.10.10"]
[Round "1.44"]
[White "Volokitin, Andrei"]
[Black "Sethuraman, S.P."]
[Result "1-0"]
[WhiteElo "2639"]
[BlackElo "2640"]
[PlyCount "73"]
[EventDate "2015.10.10"]
[EventType "rapid"]

1. e4 e5 2. Nf3 Nc6 3. Bb5 a6 4. Bxc6 dxc6 5. O-O Qf6 6. d4 exd4 7. Bg5 Qd6 8.
Nxd4 Be7 9. Bxe7 Nxe7 10. Nc3 O-O 11. Nde2 Qg6 12. Qd4 Be6 13. Qb4 Qg5 14. f4
c5 15. Qxb7 Qf6 16. Qxc7 Rac8 17. Qe5 Qxe5 18. fxe5 Nc6 19. Nd5 Rfe8 20. c4
Nxe5 21. b3 Nc6 22. Nec3 Nd4 23. Rad1 f6 24. Rd2 Kf7 25. Na4 Bg4 26. h3 Bh5 27.
Nf4 Red8 28. Nxh5 Nf3+ 29. Rxf3 Rxd2 30. e5 Rxa2 31. exf6 g6 32. Ng3 Rd8 33.
Ne4 h6 34. Naxc5 a5 35. Nb7 Rd1+ 36. Kh2 Kf8 37. Nc3 1-0

[Event "World Rapid 2015"]
[Site "Berlin GER"]
[Date "2015.10.10"]
[Round "1.45"]
[White "Kunin, Vitaly"]
[Black "Bartel, Mateusz"]
[Result "1/2-1/2"]
[WhiteElo "2556"]
[BlackElo "2622"]
[PlyCount "88"]
[EventDate "2015.10.10"]
[EventType "rapid"]

1. d4 d5 2. Nf3 c6 3. c4 Nf6 4. e3 Bf5 5. Nc3 e6 6. Nh4 Be4 7. f3 Bg6 8. Qb3
Qc7 9. Bd2 Be7 10. cxd5 cxd5 11. Nb5 Qd8 12. Nxg6 hxg6 13. Bd3 Nc6 14. O-O a6
15. Nc3 Na5 16. Qd1 Qc7 17. f4 g5 18. Rc1 Nc6 19. h3 gxf4 20. exf4 g6 21. Be3
Nd7 22. Ne2 Qb6 23. Qd2 Qb4 24. Qxb4 Nxb4 25. Bb1 Nc6 26. a3 Nb6 27. Bd3 Kd7
28. Kf2 Na5 29. Rc2 Nac4 30. Ng1 Rhc8 31. Rfc1 Nxe3 32. Kxe3 Rxc2 33. Rxc2 Bd6
34. Nf3 Ke7 35. g4 Rh8 36. h4 Nd7 37. g5 Nb6 38. Be2 Rc8 39. Rxc8 Nxc8 40. Nd2
Bc7 41. h5 gxh5 42. Bxh5 Nd6 43. Bg4 Ba5 44. b4 Bc7 1/2-1/2

[Event "World Rapid 2015"]
[Site "Berlin GER"]
[Date "2015.10.10"]
[Round "1.47"]
[White "Schneider, Ilja"]
[Black "Mamedov, Rauf"]
[Result "0-1"]
[WhiteElo "2481"]
[BlackElo "2657"]
[PlyCount "166"]
[EventDate "2015.10.10"]
[EventType "rapid"]

1. d4 d6 2. e4 g6 3. Nc3 Bg7 4. Nf3 Nf6 5. Be2 O-O 6. O-O Nc6 7. Be3 Ng4 8. Bg5
h6 9. Bc1 e5 10. dxe5 Ngxe5 11. Nxe5 dxe5 12. Qxd8 Rxd8 13. Nd5 Nd4 14. Bd3 Rd7
15. f4 c6 16. Nc3 exf4 17. Bxf4 Ne6 18. Be3 b5 19. Rad1 Bb7 20. Be2 Nd4 21. Bg4
Rdd8 22. Rd2 h5 23. Bh3 c5 24. Nd5 Bxd5 25. exd5 Re8 26. Kf2 Rxe3 27. Kxe3 Bh6+
28. Kd3 Re8 29. Kc3 Re3+ 30. Rd3 Re4 31. b3 Ne2+ 32. Kb2 Bg7+ 33. Kb1 c4 34.
Rdf3 f5 35. g3 Rd4 36. Re3 Rd2 37. bxc4 bxc4 38. Re1 Nc3+ 39. Rxc3 Bxc3 40. Bf1
Kf8 41. Rc1 Rxd5 42. Bxc4 Rd4 43. Bb3 a5 44. a4 Rd2 45. h4 Rg2 46. Rd1 Rxg3 47.
Ka2 Ke7 48. Rd5 Rh3 49. Rc5 Kd6 50. Rc8 Ke5 51. Bf7 Kf6 52. Be8 Rg3 53. Rc6+
Kg7 54. Bxg6 Rxg6 55. Rxc3 Rg4 56. Rc5 Rxa4+ 57. Kb3 Rb4+ 58. Kc3 Kf6 59. Rxa5
Rxh4 60. Kd3 Rh1 61. Ke3 Kg5 62. Kf3 Rh3+ 63. Kg2 Rc3 64. Ra8 Rxc2+ 65. Kf3
Rc3+ 66. Kg2 h4 67. Rg8+ Kf4 68. Rh8 h3+ 69. Kh2 Rf3 70. Ra8 Re3 71. Ra4+ Kg5
72. Ra8 f4 73. Ra7 Kf5 74. Ra5+ Kg4 75. Ra2 Re4 76. Ra8 Re2+ 77. Kg1 f3 78.
Rg8+ Kf4 79. Rf8+ Ke3 80. Re8+ Kd2 81. Rh8 Ke1 82. Rf8 f2+ 83. Kh1 Re7 0-1